000 00538nam a22001817a 4500
003 OSt
005 20250922103657.0
008 250918b |||||||| |||| 00| 0 eng d
020 _a978-93-86085-41-2
040 _cSBCL
082 _a894.8123
_bTHO-B
100 _aThomas,Jose T
245 _aBhavivicharam
260 _aKottyam
_bSahithya Pravarthaka Co-operative Society Ltd
300 _a101p.
650 _2Literature and rhetoric
_aLiteratures of other languages
_vAltaic, Uralic, Hyperborean & Dravidian
942 _cBOOK
999 _c137500
_d137500